00821nam a2200217 a 450000100100000000500170001000800410002704000250006808200220009324501060011525000110022126000750023230000260030749000140033350400430034770000390039083000220042904900090045195201260046099900170058600002274720200930021755.0101117s1978 ve r 000 0dspa d aDO-SdBNPbspacBNPHU annnnbP745a, 197810aPoética :bAristóteles /cversión directa, introducción y notas de Juan David García Bacca. a3a ed. aVenezuela :bBiblioteca de la Universidad Central de Venezuela,c1978. a165, [2] p. ;c21 cm.1 aTemasv37 aIncluye notas al pie de las páginas.1 aGarcía Bacca, Juan David,946741 0aTemas ;v3799064 aBNGR 001052708MOaGRbGRcCTd2010-11-17iLF1l0onnnn P745a, 1978p22747-10r2020-06-25w2020-06-25y2ZPréstamo interno c22244d22244